Pohľadávky presunuté z bánk mali veľa nedostatkov v rozhovore pre HN bývalý generálny riaditeľ Slovenskej konsolidačnej, a.s., M. Šikula reaguje na kritiku svojej nástupkyne

Bibliographic Details
Main Authors: Podstupka, Ivan (ain), Šikula, Milan, 1941- (Author)
Format: Article
Language:Slovak
PhysicalDescription:Fotogr.
ISSN:1335-4701
Subjects:

MARC

LEADER 00000nab a2200000 a 4500
001 vtls000802338
003 SK-MaSNL
005 20260303072626.0
008 140301c2002 xo 0 slo
015 |a SNBRB2002/08-24866 
035 |a CLN000153993 
040 |a SNKBUCL  |b slo  |c SNKBUCL  |e AACR2 
041 0 |a slo 
044 |a xo  |c SK 
080 |a 339.178(437.6):347.41/.43:336.712  |2 1997 
080 |a 336.712(437.6)  |2 1997 
080 |a 347.41/.43  |2 1997 
100 1 |a Podstupka, Ivan  |4 ain  |9 275288 
245 1 0 |a Pohľadávky presunuté z bánk mali veľa nedostatkov  |b v rozhovore pre HN bývalý generálny riaditeľ Slovenskej konsolidačnej, a.s., M. Šikula reaguje na kritiku svojej nástupkyne  |c Ivan Podstupka 
300 |b Fotogr. 
610 7 |a Slovenská konsolidačná (Bratislava, Slovensko)  |2 snkbucl  |9 841061 
650 0 7 |a banky  |x pohľadávky rizikové  |x Slovenská konsolidačná (Bratislava, Slovensko)  |x prevzatie  |y 1999-2000  |2 snkbucl  |9 909239 
650 0 7 |a pohľadávky rizikové  |2 snkbucl  |9 909240 
655 7 |a články z novín a časopisov  |2 snkbucl  |9 267496 
700 1 |a Šikula, Milan,  |d 1941-  |4 aut  |9 87182 
773 0 |t Hospodárske noviny  |g Roč. 10, č. 126 (2.7.2002), s. 4  |x 1335-4701 
850 |a Slovenská národná knižnica v Martine 
852 |a SNK  |b KIS3GCP 
958 |a SK 
992 |a RBX 
999 |c 1764110  |d 1766040